Super Smash Bros. Ultimate - Mario Spirits - Statistics

General Stats
  • This quiz has been taken 95 times
    93 since last reset
  • The average score is 77 of 138
Answer Stats
Type Series Spirit % Correct
Support Super Mario Fox Luigi
98%
Attack Mario Kart Goo-Goo Buggy
98%
Fighter Super Mario Luigi
98%
Support Mario Tennis Aces Luigi (Mario Tennis Aces)
98%
Attack Paper Mario Mr. L
98%
Support Super Mario Baby Peach
96%
Shield Mario Kart Badwagon
96%
Support Super Mario Boo Mario
96%
Shield Super Mario Cat Princess Peach
96%
Fighter Dr. Mario Dr. Mario
96%
Support Super Mario Gold Mario
96%
Support Mario Tennis Aces Mario (Mario Tennis Aces)
96%
Shield Super Mario Metal Mario
96%
Neutral Mario vs. Donkey Kong Mini Mario
96%
Neutral Mario vs. Donkey Kong Mini Mario & Hammers
96%
Attack Mario & Luigi Papercraft Mario
96%
Neutral Paper Mario Paper Mario
96%
Fighter Super Mario Peach
96%
Support Super Mario Peach (Wedding)
96%
Attack Mario + Rabbids Kingdom Battle Rabbid Mario
96%
Shield Mario + Rabbids Kingdom Battle Rabbid Peach
96%
Support Super Mario Rock Mario
96%
Neutral Super Mario Shadow Mario
96%
Attack Paper Mario Shadow Queen
96%
Support Super Mario Starship Mario
96%
Fighter Super Mario Bowser
94%
Grab Super Mario Bowser (Wedding)
94%
Fighter Super Mario Maker Builder Mario
94%
Fighter Super Mario Daisy
94%
Shield Super Mario Dry Bowser
94%
Fighter Super Mario Mario
94%
Attack Paper Mario Paper Bowser
94%
Attack Paper Mario Paper Bowser (Paper Mario: Sticker Star)
94%
Fighter Super Mario Wedding Mario
94%
Grab Mario Kart Biddybuggy
92%
Fighter Super Mario Rosalina
92%
Fighter Super Mario Bowser Jr.
88%
Neutral Super Mario Waluigi
88%
Grab Captain Toad: Treasure Tracker Captain Toad
86%
Grab Mario Kart Cheep Charger
86%
Support Super Mario Flying Squirrel Toad
86%
Grab Super Mario Toad
86%
Support Mario Kart Standard Bike
84%
Grab Super Mario Strikers Waluigi (Super Mario Strikers)
84%
Support Mario Kart Standard Kart
82%
Support Super Mario Koopa Troopa
80%
Attack Mario + Rabbids Kingdom Battle Rabbid Kong
80%
Fighter Super Mario Wendy
80%
Fighter Super Mario Lemmy
78%
Fighter Super Mario Ludwig
78%
Support Super Mario Luma
78%
Fighter Super Mario Morton
78%
Fighter Super Mario Roy
78%
Neutral Super Mario Goomba
76%
Fighter Super Mario Larry
76%
Neutral Super Mario Boo
73%
Neutral Super Mario King Boo
73%
Fighter Super Mario Iggy
71%
Fighter Super Mario Piranha Plant
71%
Support Mario Kart Turbo Yoshi
71%
Master Captain Toad: Treasure Tracker Toadette
67%
Support Super Mario Super Star
61%
Support Luigi’s Mansion Professor Elvin Gadd
59%
Support Super Mario Super Mushroom
59%
Support Super Mario Fire Flower
57%
Attack Super Mario RPG: Legend of the Seven Stars Geno
57%
Grab Super Mario Nipper Plant
55%
Support Super Mario Pauline
55%
Grab Super Mario Petey Piranha
55%
Grab Super Mario Strikers Petey Piranha (Super Mario Strikers)
53%
Grab Super Mario Lakitu & Spiny
51%
Support Super Mario Thwomp
49%
Support Super Mario Cappy
47%
Grab Super Mario Birdo
45%
Support Super Mario Bob-omb
43%
Attack Super Mario Chain Chomp
43%
Grab Super Mario Hammer Bro.
43%
Grab Super Mario Wart
43%
Support Super Mario Wiggler
43%
Support Super Mario Toadsworth
41%
Support Dr. Mario Viruses
41%
Support Super Mario RPG: Legend of the Seven Stars Mallow
39%
Neutral Super Mario Shy Guy
39%
Shield Super Mario Land Tatanga
39%
Attack Super Mario Banzai Bill
37%
Shield Super Mario Blooper
37%
Attack Super Mario Bullet Bill
37%
Neutral Mario & Luigi Fawful
37%
Support Luigi’s Mansion Poltergust 5000
37%
Support Super Mario F.L.U.D.D.
33%
Support Super Mario Lubba
33%
Support Super Mario Piantas
33%
Support Luigi’s Mansion Polterpup
31%
Support Mario Bros. Sidestepper
29%
Support Mario & Luigi Antasma
27%
Support Super Mario Dice Block
27%
Attack Super Mario King Bob-omb
27%
Support Super Princess Peach Perry
27%
Neutral Mario & Luigi Princess Shroob
27%
Support Super Mario Shine Sprite
27%
Attack Super Mario Boom Boom
24%
Attack Super Mario Boom Boom & Pom Pom
24%
Attack Super Mario Chargin’ Chuck
24%
Grab Paper Mario Dimentio
24%
Shield Mario & Luigi Dreambert
24%
Support Mario Bros. Freezie
24%
Support Mario Golf Kid
24%
Support Mario Party MC Ballyhoo & Big Top
24%
Grab Super Mario Kamek
22%
Shield Mario & Luigi Prince Peasley
22%
Support Mario & Luigi Starlow
22%
Shield Wrecking Crew Eggplant Man
20%
Support Mario Paint Flies & Hand
20%
Support Super Mario Nabbit
20%
Shield Super Mario Peachette
20%
Support Super Mario Golden Dash Mushroom
18%
Master Super Mario Honey Queen
18%
Support Paper Mario Huey
18%
Grab Super Mario Mouser
18%
Support Super Mario Pidgit
18%
Support Super Mario The Odyssey
18%
Shield Paper Mario Vivian
18%
Support Super Mario Hungry Luma
16%
Grab Mario Kart Master Cycle
16%
Support Mario Kart Barrel Train
14%
Support Super Mario Plessie
14%
Support Mario Kart B Dasher
12%
Attack Paper Mario Kammy Koopa
12%
Support Super Mario Mechakoopa
12%
Support Super Mario River Survival
12%
Support Super Mario Sprixie Princess
12%
Shield Super Mario Big Urchin
10%
Support Mario Kart Bloom Coach
10%
Support Super Mario Wanda
10%
Shield Mario & Luigi Broque Monsieur
8%
Support Mario Kart City Tripper
8%
Support Super Mario Hothead
8%
Support Mario Kart Mach 8
8%
No matching quizzes found
Score Distribution
Percent of People with Each Score
Percentile by Number Answered
Your Score History
You have not taken this quiz since the last reset